000 00402nam a2200157 4500
003 SEACOMEC
005 20250124121857.0
008 250124b |||||||| |||| 00| 0 eng d
020 _a9789352533695
_c590.00
040 _aSEACOMEC
082 _a620.112
_bR161
100 _aRajput, RK
245 _aA Textbook of Strength of Materials
_cRK Rajput
260 _aNew Delhi
_bS Chand
_c2006
942 _cBOOK
999 _c1966
_d1966